Pertemuan djodoh / (Record no. 61368)

MARC details
000 -LEADER
fixed length control field 00600cam a22002291a 4500
001 - CONTROL NUMBER
control field sa 65000078
003 - CONTROL NUMBER IDENTIFIER
control field DLC
005 - DATE AND TIME OF LATEST TRANSACTION
control field 20260227112100.0
008 - FIXED-LENGTH DATA ELEMENTS--GENERAL INFORMATION
fixed length control field 890103s1964 io a 000 1 ind
010 ## - LIBRARY OF CONGRESS CONTROL NUMBER
LC control number sa 65000078
025 ## - OVERSEAS ACQUISITION NUMBER
Overseas acquisition number PL480:Indo-1192
035 ## - SYSTEM CONTROL NUMBER
System control number (OCoLC)18958962
040 ## - CATALOGING SOURCE
Original cataloging agency DLC
Transcribing agency OAU
Modifying agency WU
-- DLC
042 ## - AUTHENTICATION CODE
Authentication code premarc
050 00 - LIBRARY OF CONGRESS CALL NUMBER
Classification number PL5089.M8
Item number P4 1964
100 1# - MAIN ENTRY--PERSONAL NAME
Personal name Moeis, Abdoel,
Dates associated with a name 1890-1959.
245 10 - TITLE STATEMENT
Title Pertemuan djodoh /
Statement of responsibility, etc. Abdoel Moeis.
250 ## - EDITION STATEMENT
Edition statement Tjet. 5.
260 ## - PUBLICATION, DISTRIBUTION, ETC.
Place of publication, distribution, etc. Bukittinggi :
Name of publisher, distributor, etc. N.V. Nusantara,
Date of publication, distribution, etc. 1964.
300 ## - PHYSICAL DESCRIPTION
Extent 162 p. :
Other physical details ill. ;
Dimensions 23 cm.
500 ## - GENERAL NOTE
General note Novel.

No items available.

Powered by Koha